| 000 | 01164nam0a2200325 i 4500 | ||
|---|---|---|---|
| 001 | RU\NLR\bibl\1971663 | ||
| 005 | 20240921161200.0 | ||
| 010 |
_a9785852476012 _910000 |
||
| 021 |
_aRU _b2012-87823 _96496 |
||
| 035 | _a(nilc)RuMoRGB-005529171 | ||
| 035 | _a(NLR Aleph) 001960486 | ||
| 090 |
_a3818598 _c3818598 |
||
| 100 | _a20121122d2012 u y0rusy50 ca | ||
| 101 | 0 | _arus | |
| 102 | _aRU | ||
| 105 | _ay ||||||||| | ||
| 200 | 1 |
_aМанна с небес - в огород _eвсемогущая сидерация _fБ. А. Бублик, В. Т. Гридчин |
|
| 210 |
_aКазань _c[б. и.] _d2012 |
||
| 215 |
_a96 с., [8] л. цв. ил. _d21 |
||
| 606 | 1 |
_aЗеленые удобрения _xЭффективность _91113745 _3RU\NLR\auth\66440287 |
|
| 686 | _aП040.6 | ||
| 700 | 1 |
_aБублик _bБ. А. _gБорис Андреевич _4070 |
|
| 701 | 1 |
_aГридчин _bВ. Т. _gВиталий Трофимович _4070 |
|
| 801 | 0 |
_aRU _bRuMoRKP _c20121122 _gRCR |
|
| 801 | 2 |
_aRU _bРГБ _c20121213 _grcr |
|
| 801 | 1 |
_aRU _bRuMoRKP _c20121122 _2rusmarc |
|
| 801 | 2 |
_aRU _bNLR _c20121128 _grcr |
|
| 942 | _cBOOK | ||
| 980 | _aNBR | ||